आत्महत्या/ (Record no. 208202)

MARC details
000 -LEADER
fixed length control field 00799nam a22001937a 4500
005 - DATE AND TIME OF LATEST TRANSACTION
control field 20250108122136.0
010 ## - LCCN (DPL NO)
LC control number HIN-129193
020 ## - INTERNATIONAL STANDARD BOOK NUMBER
International Standard Book Number 9789391559007
Terms of availability 300.00
035 ## - SYSTEM CONTROL NUMBER
System control number HN-101539
037 ## - SOURCE OF ACQUISITION
Source of stock number/acquisition DBAD
082 ## - DEWEY DECIMAL CLASSIFICATION NUMBER
Classification number 822
100 ## - MAIN ENTRY--PERSONAL NAME
Personal name त्रिपाठी, दिनेशमणि
245 ## - TITLE STATEMENT
Title आत्महत्या/
Statement of responsibility, etc दिनेशमणि
250 ## - EDITION STATEMENT
Edition statement प्रथम
260 ## - PUBLICATION, DISTRIBUTION, ETC. (IMPRINT)
Place of publication, distribution, etc दिल्ली
Name of publisher, distributor, etc कोशल पब्लिशिंग हाउस
Date of publication, distribution, etc 2024
270 ## - ADDRESS
Address ए-49,गली नं-6 जगतपुरी एक्स्टेंशन
City दिल्ली
Postal code 110093
Telephone number 9811827837
Electronic mail address kphouse2016@gmail.com
300 ## - PHYSICAL DESCRIPTION
Extent 96 पृ.
Dimensions 22 सेमी (अजिल्द )
942 ## - ADDED ENTRY ELEMENTS (KOHA)
Source of classification or shelving scheme Dewey Decimal Classification
Item type Hindi Books
Classification part 822
Call number prefix त्रिपति
Holdings
Withdrawn status Lost status Not for loan Collection code Home library Current library Date acquired Source of acquisition Cost, normal purchase price Full call number Barcode Copy number Cost, replacement price Koha item type
      Non-fiction Sarojini Nagar Sarojini Nagar 08/01/2025 DBAD 300.00 822 HN-101539 1 300.00 Hindi Books

© Delhi Public Library
Hit Counter
free hit counter